Business modeling and data mining (Record no. 274)

MARC details
000 -LEADER
Fixed length control field 00421nam a2200169 4500
003 - CONTROL NUMBER IDENTIFIER
Control field SEACOMMC
005 - DATE AND TIME OF LATEST TRANSACTION
Control field 20231026044112.0
008 - FIXED-LENGTH DATA ELEMENTS--GENERAL INFORMATION
Fixed length control field 231026b |||||||| |||| 00| 0 eng d
020 ## - INTERNATIONAL STANDARD BOOK NUMBER / ISBN
Price Rs. 395.00
040 ## - CATALOGING SOURCE
Original cataloging agency SEACOMMC
082 ## - DEWEY DECIMAL CLASSIFICATION NUMBER
Classification number 004.6
Book Number PYL
100 1# - MAIN ENTRY--PERSONAL NAME
Personal name Pyle, Dorian
245 1# - TITLE STATEMENT
Title Business modeling and data mining
Statement of responsibility Dorian Pyle
260 ## - IMPRINT
Place of publication New Delhi
Name of publisher Elesvier
Date of publication 2005
650 ## - SUBJECT ADDED ENTRY--TOPICAL TERM
Topical term Computer science
942 ## - ADDED ENTRY ELEMENTS (KOHA)
Koha item type Books
Holdings
Withdrawn status Lost status Source of classification Damaged status Not for loan Home library Current library Date acquired Total Checkouts Call number Accession number Date last seen Price effective from Koha item type
    Dewey Decimal Classification     SEACOM MANAGEMENT COLLEGE SEACOM MANAGEMENT COLLEGE 07/09/2006   004.6 PYL 05445 26/10/2023 26/10/2023 Books
© Seacom Engineering College, All rights reserved.    Powered by Koha